000 00784cam a22001934a 4500
005 20250605164355.0
008 250528s ||||||||||||||||||||||||d
035 _a24289
040 _aGR-AtMCL
_bgre
_dGR-AtMCL
_eAACR2
245 1 _aX-DF by WinGD / Award-Winning Green Propulsion
260 _c2019
300 _a54
520 _aR&D Framework Call, Danfoss Powers Hybrid Ropax, Vard Delivers Third Expedition Cruise Vessel, MAN Sets VTA as Standard, Leader Briefing, Design for Performance, Ship Description, Ringing in the Changes, Common Rail Retrofit, On the Hook, Buoyant Ballast Water, BWMS Monitoring Regime.
700 1 _aEdstrom Nick
_99444
942 _cCR
710 2 _aMotorship Propulsion And Future Fuels Conference
_99835
999 _c9179
_d9179